书目信息 |
| 题名: |
实验应力分析的若干问题及方法
|
|
| 作者: | 庄德恩 编著 | |
| 分册: | ||
| 出版信息: | 北京 科学出版社 1979 |
|
| 页数: | 371页 | |
| 开本: | 19cm | |
| 丛书名: | ||
| 单 册: | ||
| 中图分类: | O348 | |
| 科图分类: | ||
| 主题词: | 实验应力分析 | |
| 电子资源: | ||
| ISBN: | ||
| 000 | 00603nam0 2200217 45 | |
| 001 | 0179001405 | |
| 005 | 20060817105337.89 | |
| 010 | @dCNY1.25 | |
| 091 | @aCN@b13031.1005 | |
| 100 | @a19950726d1979 em y0chiy0121 ea | |
| 101 | 0 | @achi |
| 102 | @aCN@b110000 | |
| 105 | @ay z 000yy | |
| 200 | 10 | @a实验应力分析的若干问题及方法@Ashi yan ying li fen xi de ruo gan wen ti ji fang fa@f庄德恩编著 |
| 210 | @a北京@c科学出版社@d1979 | |
| 215 | @a371页@d19cm | |
| 606 | @a实验应力分析 | |
| 690 | @aO348@v3 | |
| 701 | 0 | @a庄德恩@Azhuang de en@4编著 |
| 801 | 0 | @aCN@bTSSF@c20060817 |
| 905 | @a10447@dO348@e6 | |
| 实验应力分析的若干问题及方法/庄德恩编著.-北京:科学出版社,1979 |
| 371页;19cm |
| ISBN :CNY1.25 |
| ● |
| 相关链接 |
|
|
|
|
正题名:实验应力分析的若干问题及方法
索取号:O348/6
 
预约/预借
| 序号 | 登录号 | 条形码 | 馆藏地/架位号 | 状态 | 备注 |
| 1 | 0468394 | 204683949 | 密集书库/ [索取号:O348/6] | 在馆 |